Male Athlete Birth Countries- Volume 2 - Statistics

General Stats
  • This quiz has been taken 12 times
  • The average score is 13 of 48
Answer Stats
Athlete Country % Correct
Mario Balotelli Italy
90%
Richie Porte Australia
80%
Zhang Yanquan China
70%
Mikel Landa Spain
70%
Ashton Eaton United States
70%
Nairo Quintana Colombia
60%
Ole Einar Bjørndalen Norway
60%
Dan Martin United Kingdom
60%
Romelu Lukaku Belgium
50%
Diego Costa Brazil
50%
Kevin Martin Canada
50%
Claudio Bravo Chile
50%
Yushu Kitano Japan
40%
Peter Sagan Slovakia
40%
Bode Miller United States
40%
Caeleb Dressel United States
40%
Divock Origi Belgium
20%
Yasiel Puig Cuba
20%
Rauno Mäkinen Finland
20%
Joël Matip Germany
20%
Tamás Kenderesi Hungary
20%
Stephan El Shaarawy Italy
20%
Marian Zieliński Poland
20%
Joseph Schooling Singapore
20%
Ivan Rakitić Switzerland
20%
Emmanuel Adebayor Togo
20%
Arda Turan Turkey
20%
Rajeev Ram United States
20%
William Yorzyk United States
20%
Buddy Hield Bahamas
10%
Jordan Lukaku Belgium
10%
David Ortiz Dominican Republic
10%
Mamadou Sakho France
10%
Khashaba Dadasaheb Jadhav India
10%
Tamba Hali Liberia
10%
Tomas Walsh New Zealand
10%
Ri Se-gwang North Korea
10%
Ryan Pini Papua New Guinea
10%
Quah Zheng Wen Singapore
10%
Joan Gamper Switzerland
10%
Roger Lukaku Zaire
10%
Michael Mathieu Bahamas
0%
Anthony Obame Gabon
0%
Erick Barrondo Guatamala
0%
Eko Yuli Irawan Indonesia
0%
Ehsan Haddadi Iran
0%
Warren Weir Jamaica
0%
Stefano Selva San Marino
0%
No matching quizzes found
Score Distribution
Percent of People with Each Score
Percentile by Number Answered
Your Score History
You have not taken this quiz